[Event "3. Memorial Oliver Gonzalez 2012 - B"]
[Site "Madrid ESP"]
[Date "2012.09.05"]
[Round "5.3"]
[White "De Sousa Da Silva, Armando"]
[Black "Abul, Qasem"]
[Result "0-1"]
[WhiteElo "2014"]
[BlackElo "2030"]
[PlyCount "74"]
[EventDate "2012.09.01"]
[EventType "swiss"]
[EventRounds "9"]
[EventCountry "ESP"]
[Source "lmi"]
[SourceDate "2012.09.01"]

1. d4 Nf6 2. Nf3 g6 3. c4 Bg7 4. Nc3 O-O 5. e4 d6 6. Be2 e5 7. h3 Qe8 8. d5 Na6
9. Be3 Nh5 10. g4 Nf4 11. Qd2 Ng2+ 12. Kf1 Nxe3+ 13. Qxe3 Nc5 14. b4 Na6 15. a3
c5 16. Rb1 b6 17. Nd2 f5 18. gxf5 gxf5 19. exf5 Bxf5 20. Nde4 Rd8 21. Rg1 Kh8
22. Ke1 Qe7 23. Bg4 Bg6 24. Qg3 Bf6 25. h4 Bxh4 26. Qh3 Rf4 27. Qh1 Rdf8 28.
Rb2 cxb4 29. axb4 Rxf2 30. Rxf2 Nxb4 31. Ke2 Bxf2 32. Nxf2 Qc7 33. Kf1 Qxc4+
34. Be2 Qxc3 35. Rxg6 Qc1+ 36. Kg2 Qxh1+ 37. Nxh1 hxg6 0-1

[Event "3. Memorial Oliver Gonzalez 2012 - B"]
[Site "Madrid ESP"]
[Date "2012.09.05"]
[Round "5.4"]
[White "Perez Llera, Javier"]
[Black "Morona Minguez, Irene"]
[Result "0-1"]
[WhiteElo "2015"]
[BlackElo "1952"]
[PlyCount "112"]
[EventDate "2012.09.01"]
[EventType "swiss"]
[EventRounds "9"]
[EventCountry "ESP"]
[Source "lmi"]
[SourceDate "2012.09.01"]

1. Nf3 Nf6 2. g3 g6 3. Bg2 Bg7 4. O-O O-O 5. c4 d6 6. Nc3 Nbd7 7. Rb1 e5 8. d3
Re8 9. Bg5 h6 10. Bxf6 Nxf6 11. Qc2 c6 12. b4 Bf5 13. Nd2 Qd7 14. b5 Bh3 15.
bxc6 bxc6 16. Qa4 Bxg2 17. Kxg2 Nh5 18. Rfd1 f5 19. e4 f4 20. Rf1 f3+ 21. Nxf3
Nf4+ 22. Kg1 Rf8 23. Qd1 Qh3 24. Ne1 Ne6 25. Ng2 Rf7 26. Ne2 g5 27. f4 exf4 28.
gxf4 gxf4 29. Nexf4 Nxf4 30. Nxf4 Qe3+ 31. Kh1 Rxf4 32. Rxf4 Qxf4 33. Rb7 Rf8
34. Rxa7 Qf1+ 35. Qxf1 Rxf1+ 36. Kg2 Rd1 37. Ra6 Be5 38. Rxc6 Rxd3 39. c5 Rc3
40. Rc8+ Kf7 41. Rc7+ Ke6 42. cxd6 Rd3 43. Rc2 Rxd6 44. Re2 Ra6 45. Kg1 Ra3 46.
Kg2 Kf6 47. Rf2+ Kg6 48. Re2 Kg5 49. Rf2 Kg4 50. Rc2 Re3 51. Rf2 Rxe4 52. Rd2
Ra4 53. Re2 Bf4 54. Rb2 Ra3 55. Rf2 h5 56. Kg1 Be3 0-1

[Event "3. Memorial Oliver Gonzalez 2012 - B"]
[Site "Madrid ESP"]
[Date "2012.09.05"]
[Round "5.5"]
[White "Camarero Izquierdo, Juan Carlo"]
[Black "Rasskin Friederichs, Ivan"]
[Result "1/2-1/2"]
[WhiteElo "1899"]
[BlackElo "2015"]
[PlyCount "85"]
[EventDate "2012.09.01"]
[EventType "swiss"]
[EventRounds "9"]
[EventCountry "ESP"]
[Source "lmi"]
[SourceDate "2012.09.01"]

1. d4 Nf6 2. Nc3 d5 3. Bg5 e6 4. e4 Bb4 5. e5 h6 6. Bxf6 gxf6 7. Qf3 fxe5 8.
dxe5 d4 9. a3 dxc3 10. Rd1 Qg5 11. axb4 Qxe5+ 12. Be2 cxb2 13. Qd3 Ke7 14. Nf3
Qd5 15. Qc3 Qxd1+ 16. Bxd1 b1=Q 17. Qxh8 Qxb4+ 18. Nd2 Nd7 19. Qxh6 Nf6 20. O-O
Bd7 21. Bf3 Bc6 22. Bxc6 bxc6 23. Rb1 Qc3 24. h3 a5 25. Rb3 Qa1+ 26. Kh2 Ng4+
27. hxg4 Rh8 28. g5 Rxh6+ 29. gxh6 Qe5+ 30. Rg3 Qh8 31. Rh3 a4 32. h7 a3 33. f4
a2 34. Nb3 c5 35. c4 e5 36. f5 e4 37. Kg3 f6 38. Kf4 Kf7 39. Kxe4 Kg7 40. Rg3+
Kf7 41. Rh3 Kg7 42. Rg3+ Kf7 43. Rh3 1/2-1/2

[Event "3. Memorial Oliver Gonzalez 2012 - B"]
[Site "Madrid ESP"]
[Date "2012.09.05"]
[Round "5.6"]
[White "Ortega Morales, Pedro"]
[Black "Vazquez Gonzalez, Jesus"]
[Result "0-1"]
[WhiteElo "1876"]
[BlackElo "2061"]
[PlyCount "78"]
[EventDate "2012.09.01"]
[EventType "swiss"]
[EventRounds "9"]
[EventCountry "ESP"]
[Source "lmi"]
[SourceDate "2012.09.01"]

1. d4 c5 2. c3 cxd4 3. cxd4 g6 4. Nc3 Bg7 5. Bf4 d6 6. e3 Nf6 7. Be2 Nc6 8. Nf3
Nh5 9. Bg5 Qa5 10. O-O h6 11. Bh4 g5 12. Nd2 Nf6 13. Bg3 h5 14. f3 h4 15. Bf2
Qf5 16. e4 Qh7 17. Nb5 Kd8 18. d5 Ne5 19. Qc2 Nxd5 20. Rfc1 Nf4 21. Bf1 Bd7 22.
Qc7+ Ke8 23. Qxb7 Rd8 24. Rc7 Ne6 25. Rc2 g4 26. Bxa7 gxf3 27. Nc7+ Nxc7 28.
Rxc7 fxg2 29. Be2 Qh6 30. Rd1 Qf4 31. Bb6 f5 32. exf5 Qxf5 33. Qe4 h3 34. b3
Rf8 35. Qxf5 Rxf5 36. Nc4 Rb8 37. Nxe5 Rxe5 38. Ba7 Rxe2 39. Bxb8 Re1+ 0-1

[Event "3. Memorial Oliver Gonzalez 2012 - B"]
[Site "Madrid ESP"]
[Date "2012.09.05"]
[Round "5.7"]
[White "Sarto Ramos, Angel"]
[Black "Morera Rodriguez, Ignacio"]
[Result "1-0"]
[WhiteElo "2020"]
[BlackElo "1800"]
[PlyCount "83"]
[EventDate "2012.09.01"]
[EventType "swiss"]
[EventRounds "9"]
[EventCountry "ESP"]
[Source "lmi"]
[SourceDate "2012.09.01"]

1. c4 e5 2. Nc3 Nf6 3. g3 Bb4 4. Bg2 O-O 5. Nf3 Nc6 6. a3 Bxc3 7. bxc3 h6 8.
O-O d6 9. h3 Be6 10. d3 e4 11. Nd4 Nxd4 12. cxd4 Qd7 13. Kh2 Rad8 14. d5 Bf5
15. Bb2 exd3 16. exd3 Nh7 17. f4 f6 18. g4 Bg6 19. f5 Be8 20. h4 Qa4 21. Qd2 b5
22. Qb4 Qc2 23. Qc3 Qe2 24. Rf3 Qe7 25. Re1 Qd7 26. Rfe3 Rf7 27. c5 dxc5 28.
Qxc5 h5 29. Re7 Rxe7 30. Rxe7 Qd6+ 31. Qxd6 cxd6 32. g5 Bd7 33. g6 Nf8 34. Be4
Rc8 35. d4 a5 36. Kg3 b4 37. axb4 Rb8 38. Ba3 axb4 39. Bb2 Ra8 40. Bb1 Ra5 41.
Re3 Rxd5 42. Ba2 1-0

[Event "3. Memorial Oliver Gonzalez 2012 - B"]
[Site "Madrid ESP"]
[Date "2012.09.05"]
[Round "5.8"]
[White "Avendaño Mateos, Jose"]
[Black "Juberias Guillen, Paloma"]
[Result "1-0"]
[WhiteElo "2014"]
[BlackElo "1788"]
[PlyCount "105"]
[EventDate "2012.09.01"]
[EventType "swiss"]
[EventRounds "9"]
[EventCountry "ESP"]
[Source "lmi"]
[SourceDate "2012.09.01"]

1. d4 d5 2. Nf3 Nf6 3. Bg5 c5 4. Bxf6 gxf6 5. c3 cxd4 6. cxd4 Nc6 7. Nc3 Bf5 8.
a3 e5 9. e3 Be6 10. Bb5 Bg7 11. O-O O-O 12. Bxc6 bxc6 13. Qa4 Qb6 14. Qc2 e4
15. Na4 Qd8 16. Ne1 Rc8 17. Nc5 Kh8 18. b4 Rg8 19. Nb3 Bh6 20. g3 Bh3 21. Ng2
f5 22. Rfc1 Qd6 23. b5 f4 24. bxc6 fxg3 25. hxg3 Bxg2 26. Kxg2 Bxe3 27. Rh1
Rxc6 28. Qe2 Bg5 29. Rh5 Qg6 30. Rah1 h6 31. Nc5 f5 32. Qb5 Rb6 33. Qd7 e3 34.
Qxd5 exf2 35. Kxf2 Be3+ 36. Kxe3 Qxg3+ 37. Kd2 Qf2+ 38. Kc1 Qe3+ 39. Kc2 Qe2+
40. Kc1 Qb2+ 41. Kd1 Qa1+ 42. Kd2 Rb2+ 43. Ke3 Qxa3+ 44. Nd3 Rg3+ 45. Kf4 Rg4+
46. Kxf5 Qxd3+ 47. Kxg4 Qg6+ 48. Rg5 Rg2+ 49. Qxg2 Qxg5+ 50. Kf3 Qf6+ 51. Ke3
Qe7+ 52. Qe4 Qa3+ 53. Kf4 1-0

[Event "3. Memorial Oliver Gonzalez 2012 - B"]
[Site "Madrid ESP"]
[Date "2012.09.05"]
[Round "5.9"]
[White "Garcia Salamero, Hector"]
[Black "Fernandez Lago, David"]
[Result "1-0"]
[WhiteElo "1868"]
[BlackElo "1976"]
[PlyCount "41"]
[EventDate "2012.09.01"]
[EventType "swiss"]
[EventRounds "9"]
[EventCountry "ESP"]
[Source "lmi"]
[SourceDate "2012.09.01"]

1. e4 d6 2. g3 Nf6 3. Bg2 e5 4. Nc3 Nc6 5. Nge2 Be7 6. d3 a6 7. h3 Nd7 8. Be3
Bg5 9. Nd5 Bxe3 10. Nxe3 Nc5 11. c3 g6 12. d4 Nd7 13. O-O O-O 14. f4 f6 15. Rf2
b5 16. dxe5 Bb7 17. exd6 Nb6 18. dxc7 Qxc7 19. Nd4 Rad8 20. Qb3+ Qf7 21. Ne6
1-0

[Event "3. Memorial Oliver Gonzalez 2012 - B"]
[Site "Madrid ESP"]
[Date "2012.09.05"]
[Round "5.10"]
[White "Zanoletty Garcia, David"]
[Black "Alvarez Gonzalez, Eduardo"]
[Result "1-0"]
[WhiteElo "1962"]
[BlackElo "1771"]
[PlyCount "73"]
[EventDate "2012.09.01"]
[EventType "swiss"]
[EventRounds "9"]
[EventCountry "ESP"]
[Source "lmi"]
[SourceDate "2012.09.01"]

1. d4 Nf6 2. Nf3 e6 3. c4 b6 4. g3 Bb7 5. Bg2 Be7 6. Nc3 Ne4 7. Qc2 Nxc3 8.
Qxc3 d6 9. O-O Nd7 10. b3 O-O 11. Bb2 Bf6 12. Rad1 Qe7 13. Qc2 g6 14. e4 e5 15.
d5 Bg7 16. Bc1 f5 17. Ng5 c5 18. Ne6 Rf7 19. exf5 Rxf5 20. Bh3 Rf7 21. f4 exf4
22. Bxf4 Be5 23. Rde1 Re8 24. Bg5 Rxf1+ 25. Rxf1 Bf6 26. Qf2 Bxg5 27. Nxg5 Ne5
28. Be6+ Kg7 29. Bf7 Nxf7 30. Qxf7+ Kh8 31. Qxe7 Rxe7 32. Nf7+ Kg7 33. Nxd6 Ba8
34. Rf3 Rd7 35. Ne8+ Kh6 36. Nf6 Kg7 37. Nxd7 1-0

[Event "3. Memorial Oliver Gonzalez 2012 - B"]
[Site "Madrid ESP"]
[Date "2012.09.05"]
[Round "5.11"]
[White "Merino Araguas, Jose Javier"]
[Black "Mañas Molina, Angel"]
[Result "0-1"]
[WhiteElo "1811"]
[BlackElo "1939"]
[PlyCount "128"]
[EventDate "2012.09.01"]
[EventType "swiss"]
[EventRounds "9"]
[EventCountry "ESP"]
[Source "lmi"]
[SourceDate "2012.09.01"]

1. d4 d5 2. Nf3 Nf6 3. c4 c6 4. cxd5 cxd5 5. Nc3 Nc6 6. Bf4 a6 7. Rc1 Bg4 8.
Ne5 Nxe5 9. Bxe5 e6 10. h3 Bh5 11. Qb3 b5 12. e3 Rc8 13. a3 Bd6 14. Bxd6 Qxd6
15. Bd3 O-O 16. O-O Nd7 17. Qa2 f5 18. f4 Qe7 19. Ne2 g5 20. Rxc8 Rxc8 21. Qb1
g4 22. Ng3 Qh4 23. Nxh5 Qxh5 24. Qd1 Nf6 25. Be2 Qg6 26. hxg4 fxg4 27. g3 Qh5
28. Rf2 Qh3 29. Rg2 Ne4 30. Bxg4 Qh6 31. Bf3 Qg6 32. g4 Kf8 33. g5 Nd6 34. Be2
Qe4 35. Qd3 Rc1+ 36. Kf2 Rc2 37. Qxe4 Nxe4+ 38. Kf3 Rxb2 39. Bd3 Rb3 40. Bxe4
dxe4+ 41. Kxe4 Rxa3 42. Rh2 Kg7 43. Rh6 b4 44. Rxe6 a5 45. d5 Ra1 46. f5 b3 47.
Rb6 a4 48. Rb7+ Kf8 49. Ke5 Re1 50. e4 a3 51. Rxb3 a2 52. Rb8+ Ke7 53. Rb7+ Ke8
54. Rb8+ Kd7 55. Rb7+ Kd8 56. Rb8+ Kc7 57. Ra8 a1=Q+ 58. Rxa1 Rxa1 59. f6 Kd7
60. Kd4 Ra4+ 61. Ke5 Rb4 62. Kf5 Kd6 63. Kf4 Rb1 64. Ke3 Ke5 0-1

[Event "3. Memorial Oliver Gonzalez 2012 - B"]
[Site "Madrid ESP"]
[Date "2012.09.05"]
[Round "5.13"]
[White "Pinel Mirasierra, Jose Pablo"]
[Black "Plazuelo Pascual, Juan"]
[Result "1/2-1/2"]
[WhiteElo "1999"]
[BlackElo "1721"]
[PlyCount "62"]
[EventDate "2012.09.01"]
[EventType "swiss"]
[EventRounds "9"]
[EventCountry "ESP"]
[Source "lmi"]
[SourceDate "2012.09.01"]

1. d4 d5 2. c4 e6 3. Nf3 Nf6 4. g3 dxc4 5. Qa4+ Nbd7 6. Qxc4 a6 7. Bg2 b5 8.
Qc2 Bb7 9. O-O c5 10. dxc5 Bxc5 11. Nc3 Rc8 12. a3 O-O 13. Qb3 Qb6 14. Bf4 Rfd8
15. Rad1 Nd5 16. Ne5 Nxc3 17. bxc3 Nxe5 18. Bxb7 Ng4 19. Bf3 Nxf2 20. Rxd8+
Rxd8 21. Kg2 f5 22. a4 bxa4 23. Qxa4 Ng4 24. Bg5 Ne3+ 25. Bxe3 Bxe3 26. Ra1 Bd2
27. c4 a5 28. Rd1 Bb4 29. Rxd8+ Qxd8 30. Qc6 Kf7 31. e4 fxe4 1/2-1/2

[Event "3. Memorial Oliver Gonzalez 2012 - B"]
[Site "Madrid ESP"]
[Date "2012.09.05"]
[Round "5.15"]
[White "Sierra Soria, Maria"]
[Black "Quintero Torres, Pedro"]
[Result "0-1"]
[WhiteElo "1795"]
[BlackElo "2053"]
[PlyCount "98"]
[EventDate "2012.09.01"]
[EventType "swiss"]
[EventRounds "9"]
[EventCountry "ESP"]
[Source "lmi"]
[SourceDate "2012.09.01"]

1. e4 c5 2. Nf3 e6 3. d4 cxd4 4. Nxd4 a6 5. Nc3 Qc7 6. a3 Nc6 7. Be2 Nf6 8. O-O
Nxd4 9. Qxd4 Bc5 10. Qd3 b5 11. Bg5 Bb7 12. Kh1 h5 13. Bh4 Qc6 14. Qg3 Be7 15.
e5 Ng4 16. Bxe7 Kxe7 17. Bf3 Qc7 18. Qh4+ f6 19. Bxg4 hxg4 20. Qxg4 Kf7 21.
Rad1 Bc6 22. Ne4 Qxe5 23. Nd6+ Kf8 24. f4 Qh5 25. Qxh5 Rxh5 26. Kg1 Ke7 27. f5
Rah8 28. Rd2 Rxh2 29. fxe6 Rh1+ 30. Kf2 Rxf1+ 31. Kxf1 dxe6 32. c4 bxc4 33.
Nxc4 Bb5 34. Rd4 Rc8 35. b3 e5 36. Rg4 g5 37. Kf2 Bxc4 38. bxc4 Rc5 39. Ke2 Ra5
40. Rg3 Ke6 41. Rc3 Rc5 42. Kd3 f5 43. Rb3 Rc6 44. Rc3 Kd6 45. Ke3 g4 46. g3
Kc5 47. Kd3 Rd6+ 48. Ke2 Rd4 49. Re3 e4 0-1

[Event "3. Memorial Oliver Gonzalez 2012 - B"]
[Site "Madrid ESP"]
[Date "2012.09.05"]
[Round "5.16"]
[White "Julian Serra, Rogelio"]
[Black "Montes De Santiago, Fernando"]
[Result "1-0"]
[WhiteElo "2042"]
[BlackElo "1818"]
[PlyCount "52"]
[EventDate "2012.09.01"]
[EventType "swiss"]
[EventRounds "9"]
[EventCountry "ESP"]
[Source "lmi"]
[SourceDate "2012.09.01"]

1. c4 d5 2. d4 c6 3. Nf3 e6 4. Qc2 Nf6 5. Nbd2 Nbd7 6. b3 Bd6 7. e4 dxe4 8. Ng5
Bb4 9. a3 Ba5 10. b4 Bc7 11. Bb2 e3 12. fxe3 Ng4 13. Nde4 Nxe3 14. Qf2 Nf5 15.
Bd3 h6 16. Nxf7 Kxf7 17. g4 Qh4 18. gxf5 Qxf2+ 19. Nxf2 Nb6 20. fxe6+ Bxe6 21.
d5 cxd5 22. Rg1 Rhg8 23. cxd5 Bxd5 24. Bg6+ Kf8 25. O-O-O Bxh2 26. Bd4 Bxg1 1-0

[Event "3. Memorial Oliver Gonzalez 2012 - B"]
[Site "Madrid ESP"]
[Date "2012.09.05"]
[Round "5.17"]
[White "Sanchez Romero, Ruben"]
[Black "Rojas Pozo, Jose Luis"]
[Result "0-1"]
[WhiteElo "1788"]
[BlackElo "1963"]
[PlyCount "28"]
[EventDate "2012.09.01"]
[EventType "swiss"]
[EventRounds "9"]
[EventCountry "ESP"]
[Source "lmi"]
[SourceDate "2012.09.01"]

1. e4 c6 2. Nc3 d5 3. Qf3 dxe4 4. Nxe4 Nd7 5. d4 Ndf6 6. Bd2 Qxd4 7. Nxf6+ Nxf6
8. Bc3 Qe4+ 9. Be2 Bf5 10. Bxf6 exf6 11. Qb3 O-O-O 12. Rc1 Bc5 13. f3 Qd4 14.
Bd3 Rhe8+ 0-1

[Event "3. Memorial Oliver Gonzalez 2012 - B"]
[Site "Madrid ESP"]
[Date "2012.09.05"]
[Round "5.18"]
[White "Rives Higueras, Alan"]
[Black "Ore Leon, Gustavo"]
[Result "1-0"]
[WhiteElo "1959"]
[BlackElo "1812"]
[PlyCount "91"]
[EventDate "2012.09.01"]
[EventType "swiss"]
[EventRounds "9"]
[EventCountry "ESP"]
[Source "lmi"]
[SourceDate "2012.09.01"]

1. e4 c5 2. Nf3 d6 3. d4 cxd4 4. Nxd4 a6 5. Nc3 Nf6 6. Be2 e6 7. Be3 Nbd7 8.
Qd2 b5 9. a3 Bb7 10. f3 Qc7 11. O-O-O Rc8 12. g4 Ne5 13. g5 Nfd7 14. Ndxb5 axb5
15. Nxb5 Qb8 16. Nxd6+ Bxd6 17. Qxd6 Qxd6 18. Rxd6 Nc4 19. Bxc4 Rxc4 20. Rhd1
Bc8 21. b3 Rc7 22. b4 Ke7 23. Bd4 Kxd6 24. Bxg7+ Kc6 25. Bxh8 Ba6 26. Rd4 e5
27. Rd5 Bc4 28. Ra5 Kd6 29. Kd2 Rc8 30. Bg7 Rg8 31. Bh6 Nb6 32. Ra7 Ke6 33. Rb7
Nd7 34. Rc7 Rd8 35. Rxc4 Nb6+ 36. Kc3 Nxc4 37. Kxc4 Rd2 38. c3 Rxh2 39. a4 f5
40. exf5+ Kxf5 41. a5 Ke6 42. b5 Kd6 43. Bf8+ Kc7 44. Kc5 Rd2 45. a6 Rd3 46.
b6+ 1-0

[Event "3. Memorial Oliver Gonzalez 2012 - B"]
[Site "Madrid ESP"]
[Date "2012.09.05"]
[Round "5.19"]
[White "Rodriguez Bernal, Herman"]
[Black "Rodriguez Dorado, Victor"]
[Result "0-1"]
[WhiteElo "1780"]
[BlackElo "1958"]
[PlyCount "73"]
[EventDate "2012.09.01"]
[EventType "swiss"]
[EventRounds "9"]
[EventCountry "ESP"]
[Source "lmi"]
[SourceDate "2012.09.01"]

1. d4 Nf6 2. c4 g6 3. Nc3 Bg7 4. Nf3 O-O 5. Bg5 d6 6. Bxf6 Bxf6 7. h4 Bg4 8.
Nh2 Bd7 9. Ne4 Bg7 10. e3 c5 11. Nf3 cxd4 12. exd4 Nc6 13. Qd2 Bg4 14. d5 Bxf3
15. gxf3 Nd4 16. Be2 Rc8 17. Rc1 b5 18. Rh3 Qd7 19. Rg3 bxc4 20. h5 Nf5 21.
hxg6 hxg6 22. Ng5 Nxg3 23. fxg3 Qf5 24. f4 Qf6 25. Bd1 Qxb2 26. Rc2 Qd4 27. Qh2
Rfd8 28. Qh1 Qe3+ 29. Kf1 Qd3+ 30. Ke1 Qxg3+ 31. Rf2 Rb8 32. Bc2 Rb2 33. Qh7+
Kf8 34. Ne6+ fxe6 35. Qxg6 Qxg6 36. Bxg6 Rxf2 37. Kxf2 0-1

[Event "3. Memorial Oliver Gonzalez 2012 - B"]
[Site "Madrid ESP"]
[Date "2012.09.05"]
[Round "5.20"]
[White "Marcos Herrero, Francisco"]
[Black "Ortiz Berruguete, Adrian"]
[Result "1/2-1/2"]
[WhiteElo "1937"]
[BlackElo "1803"]
[PlyCount "67"]
[EventDate "2012.09.01"]
[EventType "swiss"]
[EventRounds "9"]
[EventCountry "ESP"]
[Source "lmi"]
[SourceDate "2012.09.01"]

1. d4 Nf6 2. c4 e6 3. g3 c5 4. d5 exd5 5. cxd5 d6 6. Nc3 g6 7. Bg2 Bg7 8. Nf3
O-O 9. O-O Na6 10. Nd2 Nc7 11. a4 b6 12. Qc2 Re8 13. e4 Ba6 14. Re1 Nfxd5 15.
Nf3 Nb4 16. Qb3 Bd3 17. Bg5 Qd7 18. Rac1 a5 19. Nd2 Rab8 20. Nc4 h6 21. Bf4 g5
22. Bd2 Re7 23. Ne3 Ba6 24. Nf5 Re5 25. Nb5 Nxb5 26. axb5 Bxb5 27. Nxg7 c4 28.
Qd1 Kxg7 29. Bc3 Nd3 30. f4 gxf4 31. gxf4 Nxf4 32. Bxe5+ dxe5 33. Qxd7 Bxd7 34.
Rxc4 1/2-1/2

[Event "3. Memorial Oliver Gonzalez 2012 - B"]
[Site "Madrid ESP"]
[Date "2012.09.05"]
[Round "5.21"]
[White "Ruiz Quevedo, Andres"]
[Black "Alfaya Marcelo, Roberto"]
[Result "1-0"]
[WhiteElo "1916"]
[BlackElo "1740"]
[PlyCount "57"]
[EventDate "2012.09.01"]
[EventType "swiss"]
[EventRounds "9"]
[EventCountry "ESP"]
[Source "lmi"]
[SourceDate "2012.09.01"]

1. Nf3 Nf6 2. c4 g6 3. b4 Bg7 4. Bb2 O-O 5. g3 d6 6. Bg2 e5 7. d3 Nc6 8. b5 Ne7
9. O-O Nd7 10. d4 exd4 11. Nxd4 Nc5 12. Nc3 Nf5 13. Nb3 Ne6 14. e3 h5 15. Qe2
h4 16. Nd5 hxg3 17. h3 Ne7 18. Bxg7 Kxg7 19. Qb2+ f6 20. Rfd1 Nxd5 21. Rxd5 Qe7
22. Qc3 Rh8 23. c5 dxc5 24. Nxc5 Nd8 25. Rad1 c6 26. Rd7 Bxd7 27. Rxd7 Qxd7 28.
Nxd7 Rf8 29. Nxf8 1-0

[Event "3. Memorial Oliver Gonzalez 2012 - B"]
[Site "Madrid ESP"]
[Date "2012.09.05"]
[Round "5.22"]
[White "Hernandez Ramos, David"]
[Black "Tirado Parra, Alberto"]
[Result "0-1"]
[WhiteElo "1661"]
[BlackElo "1910"]
[PlyCount "54"]
[EventDate "2012.09.01"]
[EventType "swiss"]
[EventRounds "9"]
[EventCountry "ESP"]
[Source "lmi"]
[SourceDate "2012.09.01"]

1. d4 d5 2. g3 c6 3. Bg2 e6 4. Nf3 f5 5. c4 Nf6 6. Nc3 Bd6 7. c5 Bc7 8. O-O O-O
9. Bg5 Nbd7 10. Qc1 b6 11. cxb6 axb6 12. Bf4 Bxf4 13. Qxf4 Ne4 14. Nd2 g5 15.
Qe3 f4 16. Qd3 Ba6 17. Qc2 Nxc3 18. Qxc3 Bxe2 19. Rfe1 Bg4 20. Qxc6 fxg3 21.
fxg3 Qf6 22. Nb3 Qf2+ 23. Kh1 Rxa2 24. Rf1 Rxa1 25. Nxa1 Qxd4 26. Qxd7 Rxf1+
27. Bxf1 Bf3+ 0-1

[Event "3. Memorial Oliver Gonzalez 2012 - B"]
[Site "Madrid ESP"]
[Date "2012.09.05"]
[Round "5.23"]
[White "Vargas Huamani, Juan C"]
[Black "Hernanz Villaoslada, Javier"]
[Result "0-1"]
[WhiteElo "1898"]
[BlackElo "1658"]
[PlyCount "74"]
[EventDate "2012.09.01"]
[EventType "swiss"]
[EventRounds "9"]
[EventCountry "ESP"]
[Source "lmi"]
[SourceDate "2012.09.01"]

1. c4 Nf6 2. g3 g6 3. Bg2 Bg7 4. d4 d6 5. Qc2 Nbd7 6. b3 O-O 7. Bb2 c5 8. e3
cxd4 9. exd4 Re8 10. Ne2 e5 11. O-O exd4 12. Nxd4 a5 13. Nc3 Nc5 14. Rad1 Bg4
15. f3 Be6 16. Nxe6 Rxe6 17. Nb5 Qb6 18. Nd4 Re7 19. Kh1 Rae8 20. Qd2 Re3 21.
Bc3 Nfd7 22. Bxa5 Qa6 23. Nb5 Rd3 24. Qb4 b6 25. Nc7 bxa5 26. Rxd3 axb4 27.
Nxa6 Nxd3 28. Rb1 Ra8 29. Nc7 Rxa2 30. f4 Bd4 31. h3 Bc5 32. h4 h5 33. Kh2 Nf6
34. Kh1 Ng4 35. Nd5 Ndf2+ 36. Kg1 Ne4+ 37. Kh1 Nxg3# 0-1

[Event "3. Memorial Oliver Gonzalez 2012 - B"]
[Site "Madrid ESP"]
[Date "2012.09.05"]
[Round "5.24"]
[White "Perez Carballeira, Francisco"]
[Black "Santamaria Baeza, Adolfo"]
[Result "1-0"]
[WhiteElo "1585"]
[BlackElo "1897"]
[PlyCount "95"]
[EventDate "2012.09.01"]
[EventType "swiss"]
[EventRounds "9"]
[EventCountry "ESP"]
[Source "lmi"]
[SourceDate "2012.09.01"]

1. d4 Nf6 2. c4 e6 3. Nc3 Bb4 4. Bg5 h6 5. Bh4 g5 6. Bg3 Ne4 7. Qd3 d5 8. cxd5
exd5 9. a3 Bxc3+ 10. bxc3 O-O 11. f3 Nd6 12. Bxd6 Qxd6 13. e3 b6 14. Ne2 Qc6
15. Ng3 Ba6 16. Qd2 Bxf1 17. Rxf1 Qd6 18. Kf2 Nc6 19. e4 Na5 20. Qc2 c5 21. Nf5
Qf6 22. e5 Qe6 23. Nd6 f5 24. Kg1 Nc6 25. Qd2 c4 26. Qb2 Rad8 27. a4 Na5 28.
Qb5 Nb3 29. Ra2 h5 30. Qa6 Rd7 31. Nb7 Qe7 32. Nd6 f4 33. Raf2 Qh7 34. Qb5 Rfd8
35. Qxd5+ Kh8 36. Qxc4 Na5 37. Qe2 h4 38. h3 Rc7 39. Ne4 Qg8 40. Qd3 Rc4 41.
Nd6 Rxa4 42. Qf5 Rf8 43. Qd7 Qb3 44. Qe7 Rg8 45. Nf7+ Kg7 46. Nxg5+ Kh6 47.
Qf6+ Rg6 48. Nf7+ 1-0

[Event "3. Memorial Oliver Gonzalez 2012 - B"]
[Site "Madrid ESP"]
[Date "2012.09.05"]
[Round "5.26"]
[White "Vazquez Gonzalez, Francisco"]
[Black "Anton Prado, Augusto"]
[Result "0-1"]
[WhiteElo "2049"]
[BlackElo "1725"]
[PlyCount "114"]
[EventDate "2012.09.01"]
[EventType "swiss"]
[EventRounds "9"]
[EventCountry "ESP"]
[Source "lmi"]
[SourceDate "2012.09.01"]

1. e4 d5 2. exd5 Qxd5 3. d4 Nf6 4. c4 Qd8 5. Nf3 Bf5 6. Nc3 e6 7. Be2 c5 8. O-O
Nc6 9. Be3 cxd4 10. Nxd4 Nxd4 11. Bxd4 Nd7 12. Qa4 Bd6 13. Nb5 Bb8 14. g3 e5
15. Be3 O-O 16. Bf3 e4 17. Bg2 Be5 18. Rad1 Qe7 19. Nd4 Bg6 20. Ne2 Nc5 21.
Bxc5 Qxc5 22. Rd5 Qc7 23. Qb5 a6 24. Qb4 f5 25. Qd2 Bf7 26. Rd7 Qxc4 27. Rxb7
Rfd8 28. Qe3 Qc6 29. Rb6 Qd5 30. a3 Bc7 31. Rb4 a5 32. Rd4 Qb5 33. b4 Bb6 34.
Rxd8+ Rxd8 35. Nc3 Qxf1+ 36. Kxf1 Bxe3 37. fxe3 axb4 38. axb4 Rd3 39. Nb5 Rxe3
40. Nd6 g6 41. Kf2 Rd3 42. Nxf7 Kxf7 43. Bf1 Rd4 44. b5 Rb4 45. Ke3 g5 46. h4
h6 47. Kd2 Ke7 48. Kc3 Rb1 49. Bc4 gxh4 50. gxh4 f4 51. Kd4 Rb4 52. Kc5 Rb2 53.
b6 e3 54. Bb5 Rc2+ 55. Kd5 Kd8 56. Ba6 e2 57. b7 Kc7 0-1

[Event "3. Memorial Oliver Gonzalez 2012 - B"]
[Site "Madrid ESP"]
[Date "2012.09.05"]
[Round "5.27"]
[White "Lacaci Otero, Ivan"]
[Black "Alonso Aranzabal, Iñigo"]
[Result "0-1"]
[WhiteElo "1686"]
[BlackElo "1976"]
[PlyCount "68"]
[EventDate "2012.09.01"]
[EventType "swiss"]
[EventRounds "9"]
[EventCountry "ESP"]
[Source "lmi"]
[SourceDate "2012.09.01"]

1. e4 e5 2. Nf3 Nc6 3. Bc4 Nf6 4. d3 Bc5 5. c3 d6 6. O-O h6 7. h3 O-O 8. Re1
Re8 9. b4 Bb6 10. a4 a5 11. b5 Ne7 12. Nbd2 Ng6 13. Nf1 c6 14. Bb3 Be6 15. Bc2
Qc7 16. Bb2 cxb5 17. axb5 Qc5 18. Ne3 Rec8 19. c4 Qc7 20. Qd2 Nh5 21. Bc3 Qd8
22. Kh2 Bc7 23. g4 Nhf4 24. Ng2 b6 25. d4 Nxg2 26. Kxg2 Bxc4 27. Ba4 Qd7 28.
dxe5 Bxb5 29. Bxb5 Qxb5 30. exd6 Bxd6 31. Qd4 Bf8 32. Reb1 Qc6 33. Rc1 Nf4+ 34.
Kf1 Qb5+ 0-1

[Event "3. Memorial Oliver Gonzalez 2012 - B"]
[Site "Madrid ESP"]
[Date "2012.09.05"]
[Round "5.28"]
[White "Lopez Heras, Arturo"]
[Black "Zhynguel Ramirez De Verger, Al"]
[Result "1-0"]
[WhiteElo "1976"]
[BlackElo "1704"]
[PlyCount "39"]
[EventDate "2012.09.01"]
[EventType "swiss"]
[EventRounds "9"]
[EventCountry "ESP"]
[Source "lmi"]
[SourceDate "2012.09.01"]

1. e4 c5 2. Nf3 d6 3. d4 Nf6 4. Nc3 cxd4 5. Nxd4 a6 6. Be2 g6 7. Be3 Bg7 8. f3
Nc6 9. Qd2 Bd7 10. g4 h5 11. g5 Nh7 12. Nd5 Nf8 13. Nxc6 Bxc6 14. Bb6 Qc8 15.
Nc7+ Kd7 16. Nxa8 Qxa8 17. O-O-O Ne6 18. Kb1 Be5 19. Bc4 Bf4 20. Bxe6+ 1-0